000 00559nam a2200169 4500
001 8075
005 20181127185030.0
020 0 0 _a9780971355521
090 0 0 _a
100 0 0 _aHenberg, Marvin.
245 0 0 _aInspired pragmatism :
_ban illustrated history of Linfield College /
_cMarvin Henberg; Barbara Kitt Seidman
_h
260 0 0 _aPortland, Ore. :
_bCarpe Diem Books,
_c2007.
300 0 0 _a143 pages : illustrations (some color) ; 25 x 31 cm
650 0 0 _aLinfield College -- History.
_x
650 0 0 _aLinfield College.
_x
999 _c6953
_d6953